00465nam a2200169Ia 4500003000400000008004100004040001600045082001300061100001800074245004600092700002400138260004500162300001200207650002600219650002600245650002400271GCL140319s9999 xx 000 0 eng d aGCL / cGCL04a337bA I1 aFIELD, ALFRED10aINTERNATIONAL ECONAMICS / cFIELD, ALFRED1 aAPPLEYARD, DENNIS R a[S.N] : bRICHARD D. IRWIN INC ، c1995 a685 P P04aINTERNATIONAL FINANCE04aINTERNATIONAL ECONOMY04aINTERNATIONAL TRADE